Wellbeing/ (Record no. 191398)
[ view plain ]
| 000 -LEADER | |
|---|---|
| fixed length control field | 00656nam a22001937a 4500 |
| 005 - DATE AND TIME OF LATEST TRANSACTION | |
| control field | 20220825150138.0 |
| 010 ## - LCCN (DPL NO) | |
| LC control number | ENG-134682 |
| 020 ## - INTERNATIONAL STANDARD BOOK NUMBER | |
| International Standard Book Number | 9789352882687 |
| Terms of availability | 300.00 |
| 035 ## - SYSTEM CONTROL NUMBER | |
| System control number | EN-118214 |
| 037 ## - SOURCE OF ACQUISITION | |
| Source of stock number/acquisition | DBAD/PUB |
| 082 ## - DEWEY DECIMAL CLASSIFICATION NUMBER | |
| Classification number | 155.9042 |
| 245 ## - TITLE STATEMENT | |
| Title | Wellbeing/ |
| Statement of responsibility, etc | Edited by B. William Dharma Raja and g. Rexlin Jose |
| 260 ## - PUBLICATION, DISTRIBUTION, ETC. (IMPRINT) | |
| Place of publication, distribution, etc | Tamil Nadu |
| Name of publisher, distributor, etc | Voice Of Teachers |
| Date of publication, distribution, etc | 2017 |
| 270 ## - ADDRESS | |
| Address | No. 15-257G, 3rd Cross Street, S S Nagar, Nagercoil Parvathipuram, Peruvilai Post, Kanyakumari District |
| City | Tamil Nadu |
| 300 ## - PHYSICAL DESCRIPTION | |
| Extent | 160p. |
| Dimensions | 29cm(pbk) |
| 700 ## - ADDED ENTRY--PERSONAL NAME | |
| Personal name | Raja, B. William Dharma |
| 700 ## - ADDED ENTRY--PERSONAL NAME | |
| Personal name | Jose, G. Rexlin |
| 942 ## - ADDED ENTRY ELEMENTS (KOHA) | |
| Source of classification or shelving scheme | Dewey Decimal Classification |
| Item type | English Books |
| Classification part | 155.9042 |
| Call number suffix | WEL |
| Withdrawn status | Lost status | Not for loan | Collection code | Home library | Current library | Date acquired | Source of acquisition | Cost, normal purchase price | Full call number | Barcode | Copy number | Cost, replacement price | Koha item type |
|---|---|---|---|---|---|---|---|---|---|---|---|---|---|
| Non-fiction | D.B.Act.Division | Mobile Library | 25/08/2022 | DBAD/PUB | 300.00 | 155.9042 WEL | EN-118214 | 1 | 300.00 | English Books |
